Minden amit a reklámról tudni lehet és kell
| Main Author: | |
|---|---|
| Other Authors: | |
| Format: | Project work |
| Kulcsszavak: | e-marketing - elektronikus marketing kereskedelem online reklám reklám reklámjog |
| Online Access: | http://dolgozattar.uni-bge.hu/59676 |
MARC
| LEADER | 00000nnm a2200000 i 4500 | ||
|---|---|---|---|
| 001 | dolg59676 | ||
| 005 | 20260409145414.0 | ||
| 008 | 260409suuuu hu o 000 hun d | ||
| 040 | |a BGE Dolgozattár Repozitórium |b hun | ||
| 041 | |a hu | ||
| 100 | 1 | |a Dudás Konor | |
| 245 | 1 | 0 | |a Minden amit a reklámról tudni lehet és kell |c Dudás Konor |h [elektronikus dokumentum] |
| 516 | |a Project_work | ||
| 520 | 3 | |a A reklám ma már jelentősebb tényező a társadalmi és gazdasági folyamatokban, mint az előző évszázadokban. Amellett, hogy információs csatorna, a fogyasztói magatartás, a döntések, sőt a kulturális normák befolyásolására és alakítására is képes. A reklám új dimenziót kapott az olyan technológiai fejlesztéseknek köszönhetően, mint az adatvezérelt célzás, a közösségi média, az influencer-jelenség és a mesterséges intelligencia, amelyek lehetővé tették a vállalkozások számára, hogy minden eddiginél hatékonyabb és személyre szabottabb üzenetekkel érjék el fogyasztóikat. A fogyasztók reklámokkal szembeni bizalma ennek ellenére csökkent, mivel sok vásárló gyanakvóvá vált a megtévesztő tartalmak, az érzelmi manipuláció, a túlzott idealizálás és az adatkezelési problémák miatt. Úgy gondolom, hogy a reklámiparban jelenleg súlyos hitelességi válság van. Még ha a technológia képes is célzott, vonzó és innovatív reklámokat létrehozni, valódi értékük, integritásuk és társadalmi kötelességtudatuk gyakran hiányzik. Bár a fogyasztók, különösen a fiatalabb generáció egyre tudatosabbá válik az etikai kérdésekben, ezeket gyakran figyelmen kívül hagyják a túlzott profitorientáltság javára. Ennek eredményeképpen a reklám gyorsan elveszítheti a fogyasztók és a márkák közötti közvetítő funkcióját. A bizalom helyreállítása kulcsfontosságú. Ehhez őszinte, emberközpontú, értékközpontú kommunikációra van szükség, amely az eladás mellett tartalmat, élményt és beszélgetést is nyújt. A reklámoknak megbízható forrásokból kell származniuk, valós állításokat kell megfogalmazniuk, és figyelembe kell venniük a társadalmi felelősségvállalást. A technológia csak egy eszköz; az számít, hogyan használjuk a kapcsolatteremtésre vagy a manipulációra. A jövő reklámjai nemcsak sikeresebbek, hanem hihetőbbek és hitelesebbek is lesznek, ha a reklámipar ezt felismeri. | |
| 695 | |a e-marketing - elektronikus marketing | ||
| 695 | |a kereskedelem | ||
| 695 | |a online reklám | ||
| 695 | |a reklám | ||
| 695 | |a reklámjog | ||
| 700 | 1 | |a Sólyomfi Dr. Andrea Hanna |e ths | |
| 856 | 4 | 0 | |u http://dolgozattar.uni-bge.hu/59676/1/Minden%20amit%20a%20Rekl%C3%A1mr%C3%B3l%20tudni%20lehet%20%C3%A9s%20kell.pdf |z Dokumentum-elérés |
| 856 | 4 | 0 | |u http://dolgozattar.uni-bge.hu/59676/2/Dud%C3%A1s%20Konor%20Minden%20amit%20a%20rekl%C3%A1mr%C3%B3l%20tudni%20lehet%20%C3%A9s%20kell.pdf |z Dokumentum-elérés |